| 000 | 00735nam a22002057a 4500 | ||
|---|---|---|---|
| 008 | 161001b xxu||||| |||| 00| 0 eng d | ||
| 020 | _a0669071307 | ||
| 020 | _a9780669071306 | ||
| 050 |
_aPE 1441 _b.F58 1985 |
||
| 100 | _aFitzpatrick, Carolyn H. | ||
| 245 |
_aThe complete sentence workout book/ _cCarolyn H. Fitzpatrick and Marybeth B. Ruscica. |
||
| 260 |
_aLexington, Mass. : _bD.C. Heath, _c1985. |
||
| 300 |
_ax, 323p. : _bill. ; _c28cm. |
||
| 500 | _aIncludes index. | ||
| 650 |
_a English language _x Composition and exercises. |
||
| 650 |
_aEnglish language _xGrammar _y1950. |
||
| 650 |
_aEnglish language _xGrammar. |
||
| 700 | _aRuscica, Marybeth B. | ||
| 942 |
_2lcc _cBOOKS _hPE 1441 .F58 1985 |
||
| 999 |
_c14447 _d14447 |
||